000
00204 a2200097 4500
020
_a
9789580408314
041
_a
spa
100
_a
Anonimo
245
_a
Cuentos de piratas,corsarios y bandidos
942
_c
BK
999
_c
13667
_d
13667